| 000 | | | 03913cbc2a2200000#x 450 |
| 001 | | | 697908b0-b466-4373-a669-2cfe764ff13d |
| 005 | | | 20240723114728.0 |
| 100 | ## | $a | 20131003l18491861k y0rusy0189 ca |
| 101 | 0# | $a | rus |
| 102 | ## | $a | RU |
| 251 | ## | $c | Дело |
| 225 | 0# | $a | Фонд Кавказский комитет |
| | $h | Опись № 3 |
| 324 | ## | $a | Пленка |
| 801 | #0 | $a | RU |
| | $b | РГИА |
| | $c | 20131003 |
| 801 | #1 | $a | RU |
| | $b | ГлавНИВЦ |
| | $c | 20131003 |
| | $2 | rusmarc |
| 801 | #2 | $a | RU |
| | $b | ПБ им. Б.Н. Ельцина |
| | $c | 20131004 |
| | $g | RCR |
| | $2 | rusmarc |
| 850 | ## | $a | Федеральное казенное учреждение "Российский государственный исторический архив" |
| 852 | ## | $a | РГИА |
| | $j | 378 |
| 937 | ## | $a | ASBIBLIO_SCAN |
| | $b | РГИА_1268:_3:_378: |
| | $d | 5565017 |
| | $h | РГИА |
| 200 | 1# | $a | О постройке серебро-свинцового завода в ущелье Урау, в Осетии. Временный штат управления заводом, наименованным Алагирским |
| | $j | 24 октября 1849 г. - 3 ноября 1861 г. |
| 215 | ## | $a | 122 листа |
| 035 | ## | $a | 697908b0-b466-4373-a669-2cfe764ff13d |
| 122 | 2# | $a | d18491024## |
| | $a | d18611103## |
| 300 | ## | $a | Рукописный текст. Чернила |
| 461 | #0 | $1 | 0011145c710-29ff-45d8-a749-d9517cf99d7d |
| | $1 | 2001 |
| | $a | Кавказский комитет |
| | $1 | 251 |
| | $c | Фонд |
| | $1 | 852 |
| | $j | 1268 |
| 462 | #0 | $1 | 001d0256642-9641-4e42-b096-51eb62090631 |
| | $1 | 2001 |
| | $a | 1849 г. |
| | $v | Д. 378 |
| | $1 | 251 |
| | $c | Опись |
| | $1 | 852 |
| | $j | 3 |
| 605 | ## | $2 | acquisition_Prlib |
| | $3 | LIBNET\UAF\0000059948 |
| | $a | Республика Северная Осетия - Алания: страницы истории |
| | $l | коллекция |
| 617 | ## | $2 | prlib_sh |
| | $b | Республика Северная Осетия - Алания |